[Event "Mittelfranken-chTB2b 1516"]
[Site "Mittelfranken"]
[Date "2015.11.22"]
[Round "3.8"]
[White "Kotissek, Robert"]
[Black "Frank, Werner"]
[Result "1/2-1/2"]
[WhiteElo "1778"]
[BlackElo "1840"]
[PlyCount "48"]
[EventDate "2015.10.18"]
[EventType "team-tourn"]
[EventRounds "9"]
[EventCountry "GER"]
[SourceTitle "EXT 2020"]
[Source "ChessBase"]
[SourceDate "2019.10.17"]
[SourceVersion "1"]
[SourceVersionDate "2019.10.17"]
[SourceQuality "1"]
[WhiteTeam "Schwanstetten"]
[BlackTeam "Lauf SV"]
[WhiteTeamCountry "GER"]
[BlackTeamCountry "GER"]

1. c4 e5 2. Nc3 d6 3. d3 c6 4. g3 Be6 5. Bg2 Qd7 6. e4 Na6 7. Nge2 Bh3 8. 0-0 Bxg2 9. Kxg2 h5 10. h3 Nh6 11. d4 0-0-0 12. dxe5 dxe5 13. Qxd7+ Rxd7 14. Be3 Bc5 15. Bxh6 Rxh6 16. Rfd1 Rhd6 17. Rxd6 Rxd6 18. Rd1 Rf6 19. f4 exf4 20. gxf4 Rg6+ 21. Kf3 h4 22. Na4 Bf8 23. f5 Rh6 24. e5 Rh5 1/2-1/2

[Event "Mittelfranken-chTB2b 0910"]
[Site "Mittelfranken"]
[Date "2009.10.11"]
[Round "1.7"]
[White "Zabarska, Natalia"]
[Black "Kotissek, Robert"]
[Result "1-0"]
[WhiteElo "1749"]
[BlackElo "1773"]
[PlyCount "59"]
[EventDate "2009.10.11"]
[EventType "team-tourn"]
[EventRounds "9"]
[EventCountry "GER"]
[SourceTitle "EXT 2011"]
[Source "ChessBase"]
[SourceDate "2010.11.26"]
[SourceVersion "1"]
[SourceVersionDate "2010.11.26"]
[SourceQuality "1"]
[WhiteTeam "Nuernberg Zabo"]
[BlackTeam "Schwanstetten"]
[WhiteTeamCountry "GER"]
[BlackTeamCountry "GER"]

1. e4 c5 2. Nc3 e6 3. d3 Nf6 4. f4 d5 5. e5 d4 6. Ne4 Nd5 7. Nf3 Be7 8. g3 Nc6 9. Bg2 Qc7 10. 0-0 Bd7 11. Qe2 h6 12. Bd2 0-0-0 13. c4 Nb6 14. a4 a5 15. b3 Kb8 16. Ne1 Nc8 17. Nc2 b6 18. Na3 N6a7 19. Nb5 Nxb5 20. axb5 Rdg8 21. Qf3 Qb7 22. Qe2 Qc7 23. Ra2 g5 24. fxg5 hxg5 25. Rfa1 Bd8 26. b4 cxb4 27. Bxb4 Qxe5 28. c5 f5 29. cxb6 Nxb6 30. Bd6+ 1-0

[Event "Regionalliga NO 9798"]
[Site "Bayern"]
[Date "1998.??.??"]
[Round "?.8"]
[White "Kotissek, Robert"]
[Black "Ceglar, Michael"]
[Result "1-0"]
[WhiteElo "1905"]
[BlackElo "1880"]
[PlyCount "67"]
[EventDate "1997.10.??"]
[EventType "team-tourn"]
[EventRounds "9"]
[EventCountry "GER"]
[SourceTitle "EXT 2020"]
[Source "ChessBase"]
[SourceDate "2019.10.17"]
[SourceVersion "1"]
[SourceVersionDate "2019.10.17"]
[SourceQuality "1"]
[WhiteTeam "Schwanstetten"]
[BlackTeam "Postbauer"]
[WhiteTeamCountry "GER"]
[BlackTeamCountry "GER"]

1. c4 e5 2. Nc3 Nc6 3. g3 g6 4. Bg2 Bg7 5. Nf3 d6 6. 0-0 Nf6 7. d3 0-0 8. Rb1 Bg4 9. b4 Qd7 10. Re1 Rfe8 11. b5 Nd8 12. Ng5 h6 13. Nge4 Nxe4 14. Nxe4 Bf5 15. Nc3 Be6 16. Nd5 c6 17. bxc6 bxc6 18. Nb4 Rb8 19. Be3 a5 20. Nc2 Rxb1 21. Qxb1 d5 22. Bb6 Nb7 23. Na3 Rb8 24. Qc2 Nd6 25. Rb1 Ra8 26. Be3 Nf5 27. Bc1 Qc7 28. e3 Qc8 29. Qc3 dxc4 30. Nxc4 a4 31. Qb4 Qc7 32. Qb6 Qc8 33. Qxc6 Qxc6 34. Bxc6 1-0

[Event "Regionalliga NO 9798"]
[Site "Bayern"]
[Date "1997.??.??"]
[Round "?.8"]
[White "Reichel, Norbert1111"]
[Black "Kotissek, Robert"]
[Result "1/2-1/2"]
[WhiteElo "1854"]
[BlackElo "1905"]
[PlyCount "52"]
[EventDate "1997.10.??"]
[EventType "team-tourn"]
[EventRounds "9"]
[EventCountry "GER"]
[SourceTitle "EXT 2020"]
[Source "ChessBase"]
[SourceDate "2019.10.17"]
[SourceVersion "1"]
[SourceVersionDate "2019.10.17"]
[SourceQuality "1"]
[WhiteTeam "Nuernberg Grundig SC"]
[BlackTeam "Schwanstetten"]
[WhiteTeamCountry "GER"]
[BlackTeamCountry "GER"]

1. e4 c5 2. Nf3 Nf6 3. Nc3 d5 4. e5 Nfd7 5. d4 cxd4 6. Qxd4 e6 7. Bb5 Nc6 8. Bxc6 bxc6 9. 0-0 Ba6 10. Re1 h6 11. Qg4 g6 12. Nd4 Qc8 13. a4 Be7 14. Bd2 Nf8 15. h4 Rb8 16. Rab1 Qc7 17. g3 Bc8 18. Nce2 a6 19. b4 Bd7 20. Nb3 Bc8 21. Qd4 Nd7 22. Nf4 Nb6 23. Nc5 Nc4 24. Bc3 Na3 25. Rb2 Nc4 26. Rbb1 Na3 1/2-1/2